| 000 -LEADER |
| fixed length control field |
00608nam a2200181Ia 4500 |
| 040 ## - CATALOGING SOURCE |
| Transcribing agency |
WIT |
| 082 ## - DEWEY DECIMAL CLASSIFICATION NUMBER |
| Classification number |
808 GLE 2002 A120 Or. |
| 245 00 - TITLE STATEMENT |
| Title |
Glencoe literature : |
| Remainder of title |
the reader's choice. |
| 246 30 - VARYING FORM OF TITLE |
| Title proper/short title |
Literature |
| 260 ## - PUBLICATION, DISTRIBUTION, ETC. (IMPRINT) |
| Place of publication |
New York, N.Y. : |
| Name of publisher |
Glencoe McGraw-Hill, |
| Year of publication |
c2002 |
| 300 ## - PHYSICAL DESCRIPTION |
| Number of Pages |
v. : |
| Other physical details |
ill. ; |
| Dimensions |
24-32 cm. |
| Accompanying material |
+ cassette, computer optical discs + guides, videocassettes, teacher resources : |
| Dimensions |
cassette in container (13 x 13 x 9 cm.) |
| 500 ## - GENERAL NOTE |
| General note |
Teacher resource kit |
| 500 ## - GENERAL NOTE |
| General note |
Includes index |
| 650 #0 - SUBJECT ADDED ENTRY--TOPICAL TERM |
| Topical Term |
Literature |
| 700 1# - ADDED ENTRY--PERSONAL NAME |
| Personal name |
Chin, Beverly Ann |
| 710 2# - ADDED ENTRY--CORPORATE NAME |
| Corporate name or jurisdiction name as entry element |
Glencoe/McGraw-Hill |
| 942 ## - ADDED ENTRY ELEMENTS (KOHA) |
| Koha item type |
សៀវភៅភាសាអង់គ្លេស |
| 952 ## - LOCATION AND ITEM INFORMATION (KOHA) |
| Withdrawn status [LOCAL, KOHA] |
0 |